Normal view
MARC view
- لجنة من الزراعة
Entry Personal Name
001 - CONTROL NUMBER
- control field: 12948
003 - CONTROL NUMBER IDENTIFIER
- control field: JO-AjAnu
005 - DATE AND TIME OF LATEST TRANSACTION
- control field: 20230606072355.0
008 - FIXED-LENGTH DATA ELEMENTS
- fixed length control field: 230606|| aca||aabn | a|a d
040 ## - CATALOGING SOURCE
- Original cataloging agency: JO-AjAnu
- Transcribing agency: JO-AjAnu
100 ## - HEADING--PERSONAL NAME
- Personal name: لجنة من الزراعة
670 ## - SOURCE DATA FOUND
- Source citation: Work cat.: (JO-AjAnu)6663: لجنة من الزراعة , author, مصطلحات الري والبزل وعلم التربه